Most Frequent JEOPARDY! Categories Quiz Stats

 Plays Quiz Updated Nov 9, 2016

Challenge
Share
Tweet
Embed
Score 0/99 Timer 15:00
0 Plays Today
# Category % Correct
52The Movies
81.8%
92American History
79.2%
57U.S. History
79.2%
85State Capitals
79%
79World Geography
75.7%
62U.S. Geography
75.6%
52Geography
75.2%
72World Capitals
74.9%
75Sports
74.3%
78World History
74.3%
50Holidays & Observances
74.2%
75U.S. Presidents
73.9%
42Music
73.4%
38European History
73%
38Countries Of The World
72.3%
52Books & Authors
71.5%
66History
70.4%
64Television
70.4%
41U.S. States
68.5%
77U.S. Cities
68.3%
51Art & Artists
67.9%
55Art
66.3%
30The 50 States
65.5%
69Islands
63.7%
48World Cities
62.4%
40Mountains
62.3%
75Animals
62.3%
48Science & Nature
61.2%
68Colleges & Universities
59.6%
69Religion
57.9%
41Food & Drink
55%
62Authors
53.9%
38Biology
53.7%
# Category % Correct
55American Literature
53.6%
36Awards
53.1%
56The Bible
50.8%
55Food
47.5%
37Magazines
47.4%
57Languages
47.3%
54Rhyme Time
46.7%
30Chemistry
46.3%
33The Oscars
46%
41Around The World
45.5%
64Shakespeare
44.1%
45World Leaders
42.3%
59Transportation
41.6%
52Museums
41.2%
80Potpourri
41.1%
48Organizations
40.6%
39Medicine
38.8%
32Fruits & Vegetables
37.7%
45Composers
37.6%
34The Body Human
36.9%
68Bodies Of Water
36.7%
36First Ladies
36.1%
64Fictional Characters
36%
44Poets & Poetry
35.6%
36Weights & Measures
34.7%
60Opera
33.2%
57Ballet
32.6%
33Historic Americans
31.8%
33Homophones
30.9%
41The Civil War
30.8%
44Astronomy
29.6%
37Potent Potables
29.2%
41Scientists
28.6%
# Category % Correct
41Musical Instruments
25.8%
39Artists
24%
43Explorers
24%
44Quotations
23.5%
45Mythology
23.2%
384-Letter Words
23.1%
30Politicians
22.1%
58People
21.6%
81Business & Industry
20.1%
46Famous Names
19.7%
52Pop Music
18.7%
32Theatre
18%
58Historic Names
17.9%
32Notable Names
17.9%
463-Letter Words
17.5%
94Word Origins
16.9%
33Architecture
14.4%
47Classical Music
14.1%
46Common Bonds
13.6%
30Royalty
12.9%
37Travel & Tourism
10.3%
32Nature
10%
30Foreign Words & Phrases
9.3%
49Famous Americans
8.8%
41Hodgepodge
8.7%
44Nonfiction
7.6%
32Zoology
7.3%
32Vocabulary
6.4%
49Stupid Answers
6.3%
49Annual Events
3.7%
34In The Dictionary
3.3%
60Americana
2.9%
3419th Century America
1.2%

You're not logged in!

Compare scores with friends on all Sporcle quizzes.
Join for Free
OR
Log In

You Might Also Like...

Show Comments

Extras

Top Quizzes Today


Score Distribution

Your Account Isn't Verified!

In order to create a playlist on Sporcle, you need to verify the email address you used during registration. Go to your Sporcle Settings to finish the process.

Report this User

Report this user for behavior that violates our Community Guidelines.

Details: